[Event "DM 2026 Kort Paaske 1A"]
[Site "Svendborg"]
[Date "2026.03.29"]
[Round "3.5"]
[White "Andries, Leia"]
[Black "Nykjaer, Jess"]
[Result "1-0"]
[WhiteElo "1984"]
[BlackElo "1957"]
[WhiteFideId "1469207"]
[BlackFideId "1427288"]
[EventDate "2026.03.28"]
[EventType "swiss"]
[EventRounds "5"]
[EventCountry "DEN"]
[SourceTitle "Live v. Kasper Jerwiarz"]

1. e4 c5 2. c3 g6 3. d4 cxd4 4. cxd4 d5 5. e5 Bg7 6. h3 Nc6 7. Nf3 Bf5 8. Bb5 Bxb1 9. Bxc6+ bxc6 10. Rxb1 Qb6 11. O-O e6 12. Bd2 Ne7 13. a3 a5 14. b4 a4 15. Qc2 O-O 16. Rfc1 Rfc8 17. g4 h6 18. Be3 Qa6 19. Qd2 Kh7 20. Rc5 Bf8 21. Qc2 Qb7 22. Ra5 Ra6 23. Rxa4 Rxa4 24. Qxa4 Ra8 25. Qb3 Qa6 26. Bc1 Nc8 27. Nd2 Nb6 28. Qf3 Ra7 29. h4 Nc4 30. Nxc4 Qxc4 31. Qd1 Qa2 32. Qd3 Be7 33. g5 hxg5 34. hxg5 Kg7 35. Kf1 Qc4 36. Qxc4 dxc4 37. f4 Rd7 38. Bb2 Rd8 39. Rc1 Rh8 40. Rxc4 Rh3 41. Bc1 Rh2 1-0

[Event "DM 2026 Kort Paaske 1A"]
[Site "Svendborg"]
[Date "2026.03.29"]
[Round "3.6"]
[White "Bekmukhanov, Sauran"]
[Black "Bjorneboe, Kristian"]
[Result "1/2-1/2"]
[WhiteElo "1935"]
[BlackElo "1971"]
[WhiteFideId "1472844"]
[BlackFideId "1424718"]
[EventDate "2026.03.28"]
[EventType "swiss"]
[EventRounds "5"]
[EventCountry "DEN"]
[SourceTitle "Live v. Kasper Jerwiarz"]

1. Nf3 Nf6 2. b3 g6 3. Bb2 Bg7 4. g3 O-O 5. Bg2 c5 6. d3 d5 7. Nbd2 Nc6 8. Ne5 Nxe5 9. Bxe5 Bd7 10. O-O Bc6 11. Qe1 Qd7 12. e4 d4 13. a4 Qd8 1/2-1/2

[Event "DM 2026 Kort Paaske 1A"]
[Site "Svendborg"]
[Date "2026.03.29"]
[Round "3.7"]
[White "Jensen, Jakob Bjerre"]
[Black "Mott, Jens"]
[Result "0-1"]
[WhiteElo "2158"]
[BlackElo "1955"]
[WhiteFideId "1401513"]
[BlackFideId "1409867"]
[EventDate "2026.03.28"]
[EventType "swiss"]
[EventRounds "5"]
[EventCountry "DEN"]
[SourceTitle "Live v. Kasper Jerwiarz"]

1. d4 d5 2. c4 e6 3. Nc3 Nf6 4. cxd5 exd5 5. Bg5 c6 6. e3 Nbd7 7. Bd3 Qa5 8. Qc2 Bb4 9. Ne2 O-O 10. O-O Re8 11. a3 Bxc3 12. Nxc3 h6 13. b4 Qd8 14. Bh4 Nf8 15. b5 Bd7 16. Rab1 g6 17. Qb3 g5 18. Bg3 Nh5 19. Be5 f6 20. Bd6 Re6 21. bxc6 Bxc6 22. Bxf8 Kxf8 23. Bg6 Ng7 24. e4 Rd6 25. exd5 Be8 26. Bxe8 Nxe8 27. Qxb7 Rd7 28. Qb4+ Kf7 29. Rfe1 Rc8 30. Rbc1 Rb8 31. Qc4 Kg7 32. h4 Nc7 33. Ne4 Kh8 34. d6 Nb5 35. hxg5 hxg5 36. Re3 Rh7 37. Qd5 Rb6 38. Rc6 Nc7 39. Qa5 Rxc6 40. dxc7 Rc1+ 41. Re1 Rxe1+ 42. Qxe1 Qxc7 43. g3 Qb7 44. Qb4 Qxb4 45. axb4 Rd7 0-1

[Event "DM 2026 Kort Paaske 1A"]
[Site "Svendborg"]
[Date "2026.03.29"]
[Round "3.8"]
[White "Nielsen, Henning"]
[Black "Paludan, Noah"]
[Result "1-0"]
[WhiteElo "2051"]
[BlackElo "1987"]
[WhiteFideId "1402854"]
[BlackFideId "1474987"]
[EventDate "2026.03.28"]
[EventType "swiss"]
[EventRounds "5"]
[EventCountry "DEN"]
[SourceTitle "Live v. Kasper Jerwiarz"]

1. e4 e5 2. Nf3 Nc6 3. Bc4 Nf6 4. Ng5 d5 5. exd5 Na5 6. Bb5+ c6 7. dxc6 bxc6 8. Qf3 cxb5 9. Qxa8 Qc7 10. Nc3 Nc6 11. Nxb5 Qd7 12. d4 Be7 13. dxe5 Nd5 14. Be3 Nc7 15. e6 fxe6 16. Nxc7+ Qxc7 17. Nxe6 Qd7 18. Nxg7+ Kf7 19. Rd1 Qc7 20. Nf5 Bf6 21. Rd6 Qa5+ 22. c3 Bxc3+ 23. bxc3 Qxc3+ 24. Rd2 Ba6 25. Bd4 Qc1+ 26. Rd1 Qxd1+ 27. Kxd1 Rxa8 28. Bc3 Rd8+ 29. Kc1 Rd5 30. Ne3 Rc5 31. Kb2 Bc8 32. Rc1 Rb5+ 33. Ka1 Be6 34. Rb1 Rh5 35. Rb7+ Ke8 36. h3 Kd8 37. f4 Kc8 38. Rb2 Rc5 39. Rc2 Kd7 40. g4 Bf7 41. Kb2 Rb5+ 42. Kc1 a6 43. f5 Ne5 44. Bxe5 Rxe5 45. Kd2 Ra5 46. Nc4 Bxc4 47. Rxc4 Rxa2+ 48. Rc2 Ra1 49. Rc3 h6 50. Ke3 Kd6 51. Kf4 a5 52. Re3 Rf1+ 53. Kg3 Kc5 54. Kh4 a4 55. Kh5 Kb4 56. h4 a3 57. Rxa3 Kxa3 58. Kxh6 Kb4 59. Kg7 Kc5 60. f6 Kd6 61. g5 Ke6 62. h5 Rh1 63. h6 Rh5 64. g6 Rf5 65. f7 Ke7 66. h7 1-0

[Event "DM 2026 Kort Paaske 1A"]
[Site "Svendborg"]
[Date "2026.03.29"]
[Round "3.9"]
[White "Poulsen, Peter Risgaard"]
[Black "Rasmussen, Steen Hulthin"]
[Result "1-0"]
[WhiteElo "1898"]
[BlackElo "2011"]
[WhiteFideId "1407333"]
[BlackFideId "1419307"]
[EventDate "2026.03.28"]
[EventType "swiss"]
[EventRounds "5"]
[EventCountry "DEN"]
[SourceTitle "Live v. Kasper Jerwiarz"]

1. c4 e5 2. Nc3 Bb4 3. Nd5 Bc5 4. e3 c6 5. Nc3 d5 6. cxd5 cxd5 7. Bb5+ Bd7 8. Bxd7+ Qxd7 9. d4 exd4 10. exd4 Bb4 11. Ne2 Ne7 12. O-O O-O 13. Bf4 Nbc6 14. a3 Bxc3 15. Nxc3 Ng6 16. Ne2 Rfe8 17. Bg3 Re4 18. f3 Re3 19. Bf2 Re6 20. Qd2 Rae8 21. Rfe1 Qd8 22. b4 a6 23. Nc3 h6 24. Rxe6 Rxe6 25. Re1 b5 26. g3 Rxe1+ 27. Qxe1 Nge7 28. Qb1 Qd6 29. Qd3 Qe6 30. Kg2 Nf5 31. Ne2 g5 32. g4 Nd6 33. Be3 Nc4 34. Bc1 Kg7 35. Ng3 Ne7 36. Kf2 Ng6 37. Nf5+ Kh7 38. h4 f6 39. h5 Nf8 40. Ne3+ Kg7 41. Nxc4 bxc4 42. Qc2 f5 43. Qxf5 Qxf5 44. gxf5 Kf6 45. a4 Kxf5 46. b5 axb5 47. axb5 Nd7 48. Ba3 g4 49. Bc1 gxf3 50. Kxf3 Ke6 51. Bxh6 Nf6 52. Bf4 Nxh5 53. b6 Nxf4 54. b7 Nd3 55. b8=Q Kd7 56. Qb5+ Kd6 57. Ke3 Ne1 58. Qb4+ 1-0

[Event "DM 2026 Kort Paaske 1A"]
[Site "Svendborg"]
[Date "2026.03.30"]
[Round "4.1"]
[White "Jacobsen, Mikkel Manosri"]
[Black "Ramsdal, Lasse Andreas"]
[Result "1-0"]
[WhiteElo "2310"]
[BlackElo "1946"]
[WhiteFideId "1444514"]
[BlackFideId "1440675"]
[EventDate "2026.03.28"]
[EventType "swiss"]
[EventRounds "5"]
[EventCountry "DEN"]
[SourceTitle "Live v. Kasper Jerwiarz"]

1. d4 d5 2. Nf3 Nf6 3. c3 Bf5 4. Qb3 Nbd7 5. Qxb7 e6 6. Qa6 Bd6 7. Na3 O-O 8. Nb5 Ne4 9. Nxd6 cxd6 10. Nd2 Nb6 11. Nxe4 Bxe4 12. f3 Bg6 13. e3 e5 14. Be2 Qh4+ 15. g3 Qh3 16. Kf2 f5 17. Bf1 Qh5 18. h4 f4 19. exf4 Be8 20. Be2 exd4 21. cxd4 Qf7 22. Be3 Bc6 23. Rhe1 Rae8 24. b3 Re7 25. Bf1 Rfe8 26. Bd2 Qf6 27. Qd3 Bb5 28. Qc3 Rc8 29. Qb4 a5 30. Qxa5 Qxd4+ 31. Kg2 Bxf1+ 32. Kxf1 Qd3+ 33. Kg2 Re2+ 34. Rxe2 Qxe2+ 35. Kh3 Rc2 36. Qxb6 Qe6+ 37. g4 Rxd2 38. Qd8+ Kf7 39. Rc1 h6 40. Rc7+ Kg6 41. f5+ 1-0

[Event "DM 2026 Kort Paaske 1A"]
[Site "Svendborg"]
[Date "2026.03.30"]
[Round "4.2"]
[White "Fogh, Jens Olaf Svanholm"]
[Black "Frydendahl, Noah Skotte"]
[Result "1-0"]
[WhiteElo "2141"]
[BlackElo "2125"]
[WhiteFideId "1409476"]
[BlackFideId "1473239"]
[EventDate "2026.03.28"]
[EventType "swiss"]
[EventRounds "5"]
[EventCountry "DEN"]
[SourceTitle "Live v. Kasper Jerwiarz"]

1. d4 d5 2. Nf3 Nf6 3. c4 e6 4. g3 Be7 5. Bg2 O-O 6. O-O b6 7. cxd5 exd5 8. Nc3 Bb7 9. Bf4 Re8 10. Rc1 c6 11. Qa4 Bd6 12. Bxd6 Qxd6 13. Ne5 Nbd7 14. Nxd7 Qxd7 15. b4 Ne4 16. Nxe4 dxe4 17. Rfd1 Qd5 18. Rc3 a5 19. a3 Re6 20. bxa5 Rxa5 21. Qc2 Qd6 22. Bxe4 Rxa3 23. Rxa3 Qxa3 24. Bxh7+ Kh8 25. Bf5 Re7 26. e4 g6 27. Bh3 Qb4 28. e5 c5 29. e6 Bf3 30. exf7 Kg7 31. Qxg6+ Kxg6 32. f8=Q Rf7 33. Qg8+ Kf6 34. Qh8+ Kg6 35. Qg8+ Kf6 36. Qd8+ Kg6 37. Ra1 Qxd4 38. Qxb6+ Rf6 39. Qb1+ Be4 40. Qe1 Rxf2 41. Qxf2 Qxa1+ 42. Bf1 Qd4 43. Qxd4 cxd4 44. Kf2 Kf6 45. Ke2 Kg5 46. Bh3 Kf6 47. Kd2 Ke5 48. Bf1 Bf5 49. h4 Kf6 50. Be2 Ke5 51. Bd3 Bg4 52. Bg6 Kf6 53. Be8 Ke5 54. Bb5 Bf5 55. h5 Kf6 56. Bd3 Bg4 57. h6 Bh5 58. h7 Kg7 59. Kc1 Bg4 60. Kb2 Be6 61. Ka3 Bg4 62. Kb4 Be6 63. Kc5 Bg4 64. Kxd4 Bd7 65. Ke5 Bg4 66. Kf4 Bh5 67. Be4 Bd1 68. Bf3 Bc2 69. Be4 Bd1 70. Kg5 Be2 71. Bf5 Bd1 72. Bg4 Bc2 73. h8=Q+ Kxh8 74. Kf6 Bb3 75. Bf3 Kg8 76. g4 Ba2 77. g5 Bb3 78. Be4 Bf7 79. Bf5 Kf8 80. Bh7 Bh5 81. Bg6 Be2 82. Be4 Bh5 83. Bf5 Kg8 84. Bg6 1-0

[Event "DM 2026 Kort Paaske 1A"]
[Site "Svendborg"]
[Date "2026.03.30"]
[Round "4.3"]
[White "Justesen, Asger"]
[Black "Fyhn, Buster Hulthin"]
[Result "1/2-1/2"]
[WhiteElo "2086"]
[BlackElo "2050"]
[WhiteFideId "1476173"]
[BlackFideId "1481800"]
[EventDate "2026.03.28"]
[EventType "swiss"]
[EventRounds "5"]
[EventCountry "DEN"]
[SourceTitle "Live v. Kasper Jerwiarz"]

1. d4 d5 2. c4 e6 3. Nc3 Nf6 4. cxd5 exd5 5. Bg5 Be7 6. e3 h6 7. Bf4 c6 8. Bd3 O-O 9. h3 Re8 10. Nf3 Be6 11. O-O Nbd7 12. Qc2 Nb6 13. Ne5 Nc8 14. Bh2 Nd6 15. f4 Qc8 16. f5 Bd7 17. Rae1 Nfe4 18. Bxe4 Nxe4 19. Nxe4 dxe4 20. Qc4 Rf8 21. Ng6 Qd8 22. Nxf8 Bxf8 23. Rf2 Qa5 24. Rc1 Re8 25. a3 Be7 26. Be5 Bg5 27. Qc3 Qb6 28. Bf4 Be7 29. Bg3 a5 30. Kh2 h5 31. f6 Bxf6 32. Qc5 Qxc5 33. Rxc5 b6 34. Rc1 Bg5 35. Bf4 Bxf4+ 36. Rxf4 g6 37. h4 Kg7 38. Rcf1 f5 39. R4f2 Be6 40. Kg3 a4 41. Kf4 Kf6 42. Rc1 Bd5 43. Rfc2 Re6 44. Rc3 Rd6 45. R3c2 Re6 46. Rc3 1/2-1/2

[Event "DM 2026 Kort Paaske 1A"]
[Site "Svendborg"]
[Date "2026.03.30"]
[Round "4.4"]
[White "Nielsen, Henning"]
[Black "Andries, Leia"]
[Result "0-1"]
[WhiteElo "2051"]
[BlackElo "1984"]
[WhiteFideId "1402854"]
[BlackFideId "1469207"]
[EventDate "2026.03.28"]
[EventType "swiss"]
[EventRounds "5"]
[EventCountry "DEN"]
[SourceTitle "Live v. Kasper Jerwiarz"]

1. e4 e5 2. Nf3 Nc6 3. Bc4 Nf6 4. Qe2 Bc5 5. d3 d6 6. c3 a6 7. a4 Ba7 8. Na3 h6 9. h3 Qe7 10. Nc2 Be6 11. b4 Bxc4 12. dxc4 Qe6 13. Be3 Bxe3 14. Nxe3 Ne7 15. Nd5 Nfxd5 16. cxd5 Qd7 17. Kd2 O-O 18. g4 Ng6 19. Qe3 Nf4 20. Ne1 c6 21. dxc6 Qxc6 22. Nd3 Nxd3 23. Qxd3 Rfd8 24. Qd5 Qxd5+ 25. exd5 Rac8 26. Kd3 Rf8 27. f3 f5 28. Rhf1 Rf7 29. Rac1 Rcf8 30. Ke2 a5 31. Rb1 Rc8 32. Kd3 axb4 33. Rxb4 fxg4 34. hxg4 Rc5 35. c4 Rf4 36. Rf2 Rd4+ 37. Kc3 Rdxd5 38. Rxb7 Rd4 39. Rb4 d5 40. Ra2 Rf4 41. a5 Rxf3+ 42. Kb2 Rf2+ 43. Kb1 Rxa2 44. Kxa2 Rxa5+ 45. Kb3 dxc4+ 46. Kxc4 e4 47. Kd4 Rg5 48. Ke3 Rxg4 49. Rb7 h5 50. Rb5 g6 51. Rb7 h4 52. Ra7 h3 53. Kd4 0-1

[Event "DM 2026 Kort Paaske 1A"]
[Site "Svendborg"]
[Date "2026.03.30"]
[Round "4.5"]
[White "Bekmukhanov, Sauran"]
[Black "Poulsen, Peter Risgaard"]
[Result "1-0"]
[WhiteElo "1935"]
[BlackElo "1898"]
[WhiteFideId "1472844"]
[BlackFideId "1407333"]
[EventDate "2026.03.28"]
[EventType "swiss"]
[EventRounds "5"]
[EventCountry "DEN"]
[SourceTitle "Live v. Kasper Jerwiarz"]

1. Nf3 d5 2. b3 c5 3. e3 a6 4. Bb2 Nc6 5. d4 cxd4 6. exd4 Nf6 7. Bd3 Nb4 8. O-O Nxd3 9. Qxd3 g6 10. c4 Bf5 11. Qe3 Rc8 12. Nbd2 e6 13. Rac1 h5 14. Qe2 Bd6 15. h3 Bf4 16. Ba3 Qa5 17. cxd5 Rxc1 18. Rxc1 Qxa3 19. Rc8+ Kd7 20. Rxh8 Qc1+ 21. Nf1 exd5 22. Ne5+ Kc7 23. g3 Ne4 24. Nd3 1-0

[Event "DM 2026 Kort Paaske 1A"]
[Site "Svendborg"]
[Date "2026.03.30"]
[Round "4.6"]
[White "Bjorneboe, Kristian"]
[Black "Mott, Jens"]
[Result "1/2-1/2"]
[WhiteElo "1971"]
[BlackElo "1955"]
[WhiteFideId "1424718"]
[BlackFideId "1409867"]
[EventDate "2026.03.28"]
[EventType "swiss"]
[EventRounds "5"]
[EventCountry "DEN"]
[SourceTitle "Live v. Kasper Jerwiarz"]

1. Nf3 e6 2. c4 Nf6 3. e3 d5 4. Nc3 c6 5. b3 Nbd7 6. Bb2 Be7 7. Qc2 O-O 8. Rg1 Re8 9. g4 Nf8 10. Be2 a6 11. g5 N6d7 12. h4 b5 13. h5 b4 14. Na4 f6 15. h6 g6 16. Nd4 Bb7 17. cxd5 cxd5 18. Nc6 Bxc6 19. Qxc6 a5 20. gxf6 Bxf6 1/2-1/2

[Event "DM 2026 Kort Paaske 1A"]
[Site "Svendborg"]
[Date "2026.03.30"]
[Round "4.7"]
[White "Nykjaer, Jess"]
[Black "Veise, Svend"]
[Result "1/2-1/2"]
[WhiteElo "1957"]
[BlackElo "1917"]
[WhiteFideId "1427288"]
[BlackFideId "1413490"]
[EventDate "2026.03.28"]
[EventType "swiss"]
[EventRounds "5"]
[EventCountry "DEN"]
[SourceTitle "Live v. Kasper Jerwiarz"]

1. e4 d5 2. exd5 Qxd5 3. Nc3 Qd8 4. d4 c6 5. Bc4 Nf6 6. h3 Bf5 7. Nf3 e6 8. O-O Nbd7 9. Bf4 Nb6 10. Bb3 Nfd5 11. Bh2 Bd6 12. Bxd6 Qxd6 13. Re1 h6 14. Ne4 Bxe4 15. Rxe4 Nf6 16. Re1 O-O 17. Qe2 Rad8 18. c3 Kh8 19. Rad1 Rfe8 20. Qe5 Kg8 21. Qa5 Nbd7 22. Ne5 b6 23. Qa6 Qc7 24. Qe2 Nxe5 25. Qxe5 Qxe5 26. Rxe5 Rd6 27. Re2 Red8 28. Rde1 c5 1/2-1/2

[Event "DM 2026 Kort Paaske 1A"]
[Site "Svendborg"]
[Date "2026.03.30"]
[Round "4.8"]
[White "Bjerg, Ludvig"]
[Black "Jensen, Jakob Bjerre"]
[Result "1/2-1/2"]
[WhiteElo "1958"]
[BlackElo "2158"]
[WhiteFideId "1477676"]
[BlackFideId "1401513"]
[EventDate "2026.03.28"]
[EventType "swiss"]
[EventRounds "5"]
[EventCountry "DEN"]
[SourceTitle "Live v. Kasper Jerwiarz"]

1. e4 c5 2. Nf3 Nc6 3. c4 d6 4. d4 Bg4 5. d5 Bxf3 6. Qxf3 Nd4 7. Qd1 g6 8. Be3 Bg7 9. Bd3 Nf6 10. O-O O-O 11. Nc3 a6 12. a4 Nd7 13. f4 Rb8 14. Rb1 Qa5 15. Bd2 Qc7 16. Kh1 Nb6 17. Ne2 Qd7 18. b3 Na8 19. Nxd4 Bxd4 20. Qe2 Nc7 21. a5 b6 22. axb6 Rxb6 23. e5 Rfb8 24. Bc2 e6 25. dxe6 Nxe6 26. f5 Nf8 27. exd6 Re8 28. Qf3 Rxd6 29. Bf4 Be5 30. Bxe5 Rxe5 31. Rbd1 Rd4 32. h3 Qe8 33. Rxd4 cxd4 34. Qf4 Re1 35. Rxe1 Qxe1+ 36. Kh2 Qc3 37. Qe4 a5 38. Qd3 Qxd3 39. Bxd3 Nd7 40. fxg6 fxg6 41. Kg1 Nc5 42. Bc2 Kf7 43. Kf2 Kf6 44. Ke2 h6 45. g3 g5 46. Kf3 Ke5 47. Bd1 h5 48. Kf2 Ne4+ 49. Kf3 g4+ 50. hxg4 hxg4+ 51. Ke2 Nxg3+ 52. Ke1 Kf4 53. c5 Ne4 54. c6 g3 55. Kf1 d3 56. c7 Nd6 57. Kg2 Nc8 58. Bh5 Ke3 59. Bg4 d2 60. Bd1 Kf4 61. Be2 Nb6 62. Bd1 Ke5 63. Kxg3 Kd6 64. Kf2 Kxc7 65. Ke3 Kc6 66. Ke4 1/2-1/2

[Event "DM 2026 Kort Paaske 1A"]
[Site "Svendborg"]
[Date "2026.03.30"]
[Round "4.9"]
[White "Rasmussen, Steen Hulthin"]
[Black "Paludan, Noah"]
[Result "0-1"]
[WhiteElo "2011"]
[BlackElo "1987"]
[WhiteFideId "1419307"]
[BlackFideId "1474987"]
[EventDate "2026.03.28"]
[EventType "swiss"]
[EventRounds "5"]
[EventCountry "DEN"]
[SourceTitle "Live v. Kasper Jerwiarz"]

1. d4 Nf6 2. g3 g6 3. Bg2 Bg7 4. e4 d6 5. c4 O-O 6. Nc3 c5 7. dxc5 dxc5 8. Be3 Nc6 9. Qxd8 Rxd8 10. Bxc5 Nd7 11. Ba3 Nb6 12. Bf1 Bxc3+ 13. bxc3 Be6 14. c5 Na4 15. Rc1 Ne5 16. f4 Nd3+ 17. Bxd3 Rxd3 18. Ne2 Bc4 19. Rc2 Rad8 20. Kf2 Rd2 21. Rhc1 Bxe2 22. Ke1 Rxc2 23. Rxc2 Bd3 24. Rd2 Nxc3 25. e5 Nb1 0-1

[Event "DM 2026 Kort Paaske 1A"]
[Site "Svendborg"]
[Date "2026.03.30"]
[Round "5.1"]
[White "Fogh, Jens Olaf Svanholm"]
[Black "Jacobsen, Mikkel Manosri"]
[Result "1/2-1/2"]
[WhiteElo "2141"]
[BlackElo "2310"]
[WhiteFideId "1409476"]
[BlackFideId "1444514"]
[EventDate "2026.03.28"]
[EventType "swiss"]
[EventRounds "5"]
[EventCountry "DEN"]
[SourceTitle "Live v. Kasper Jerwiarz"]

1. d4 d5 2. Nf3 Nf6 3. c4 e6 4. e3 a6 5. Be2 Be7 6. O-O O-O 7. b3 b6 8. Bb2 Bb7 9. Nc3 Nbd7 10. Ne5 dxc4 11. Nxc4 c5 12. dxc5 Nxc5 13. Qxd8 Bxd8 14. Ba3 Bc7 15. Na5 bxa5 16. Bxc5 Rfc8 17. Na4 Nd5 18. Bf3 Bc6 19. Bxd5 Bxd5 20. Nb6 Bxb6 21. Bxb6 a4 22. bxa4 Rc4 23. a5 Rac8 24. a3 1/2-1/2

[Event "DM 2026 Kort Paaske 1A"]
[Site "Svendborg"]
[Date "2026.03.30"]
[Round "5.2"]
[White "Andries, Leia"]
[Black "Bekmukhanov, Sauran"]
[Result "1/2-1/2"]
[WhiteElo "1984"]
[BlackElo "1935"]
[WhiteFideId "1469207"]
[BlackFideId "1472844"]
[EventDate "2026.03.28"]
[EventType "swiss"]
[EventRounds "5"]
[EventCountry "DEN"]
[SourceTitle "Live v. Kasper Jerwiarz"]

1. e4 c5 2. c3 d6 3. d4 cxd4 4. cxd4 Nf6 5. Nc3 g6 6. h3 h5 7. Nf3 Bg7 8. Bd3 O-O 9. O-O b6 10. Re1 Bb7 11. a3 Nc6 12. Be3 Rc8 13. Qe2 Qd7 14. Bb5 d5 15. e5 Ne8 16. Rad1 Nc7 17. Ba4 Ne6 18. Ng5 Rcd8 19. Nxe6 Qxe6 20. Bb5 Rc8 21. f4 Na5 22. Bd3 f5 23. Bc1 Nb3 24. Be3 Na5 25. Bc1 Nb3 26. Be3 Na5 27. Bc1 Nb3 1/2-1/2

[Event "DM 2026 Kort Paaske 1A"]
[Site "Svendborg"]
[Date "2026.03.30"]
[Round "5.3"]
[White "Ramsdal, Lasse Andreas"]
[Black "Justesen, Asger"]
[Result "1-0"]
[WhiteElo "1946"]
[BlackElo "2086"]
[WhiteFideId "1440675"]
[BlackFideId "1476173"]
[EventDate "2026.03.28"]
[EventType "swiss"]
[EventRounds "5"]
[EventCountry "DEN"]
[SourceTitle "Live v. Kasper Jerwiarz"]

1. d4 Nf6 2. Nf3 e6 3. g3 b5 4. Bg2 Bb7 5. O-O c5 6. e3 Na6 7. Nc3 b4 8. Ne2 Be7 9. c4 O-O 10. b3 Be4 11. Bb2 Rc8 12. Nf4 d5 13. Rc1 Qa5 14. Qe2 Rfd8 15. cxd5 Nxd5 16. Nxd5 Rxd5 17. Ne5 Bxg2 18. Kxg2 Bf6 19. Ng4 Be7 20. e4 Rd7 21. d5 exd5 22. Nh6+ Kf8 23. Qg4 Ke8 24. Qxg7 Bf8 25. Qg8 d4 26. Bxd4 Rxd4 27. Qxf7+ Kd8 28. Qxf8+ Kc7 29. Qf4+ Kb6 30. Nf5 Rd3 31. Nd6 1-0

[Event "DM 2026 Kort Paaske 1A"]
[Site "Svendborg"]
[Date "2026.03.30"]
[Round "5.4"]
[White "Mott, Jens"]
[Black "Fyhn, Buster Hulthin"]
[Result "1-0"]
[WhiteElo "1955"]
[BlackElo "2050"]
[WhiteFideId "1409867"]
[BlackFideId "1481800"]
[EventDate "2026.03.28"]
[EventType "swiss"]
[EventRounds "5"]
[EventCountry "DEN"]
[SourceTitle "Live v. Kasper Jerwiarz"]

1. e4 c6 2. d4 d5 3. e5 c5 4. c3 Nc6 5. f4 cxd4 6. cxd4 Bf5 7. Nc3 e6 8. a3 f6 9. Nf3 fxe5 10. fxe5 a6 11. Bd3 Nxd4 12. Nxd4 Bc5 13. Nxf5 exf5 14. Qf3 Ne7 15. Bg5 O-O 16. Kf1 Kh8 17. Re1 b5 18. Bxe7 Qxe7 19. Nxd5 Qh4 20. Nf4 Rad8 21. g3 Qe7 22. Qh5 Qb7 23. Rg1 Kg8 24. Rg2 Rxd3 25. Nxd3 g6 26. Nxc5 Qxg2+ 27. Kxg2 gxh5 28. Ne6 Rc8 29. Re2 Kf7 30. Nf4 h4 31. e6+ Ke8 32. Kh3 hxg3 33. hxg3 Rc1 34. Kg2 Rb1 35. Nd5 Rd1 36. Nc7+ Ke7 37. Nxa6 h5 38. Nc7 h4 39. gxh4 f4 40. Nxb5 Rd3 41. Kf2 Rh3 42. Nd4 Ke8 43. Nf5 f3 44. Re3 Rh2+ 45. Kxf3 Rh1 46. e7 Rf1+ 47. Kg4 Rg1+ 48. Kh5 Kf7 49. e8=Q+ Kf6 50. Qf8# 1-0

[Event "DM 2026 Kort Paaske 1A"]
[Site "Svendborg"]
[Date "2026.03.30"]
[Round "5.5"]
[White "Frydendahl, Noah Skotte"]
[Black "Bjorneboe, Kristian"]
[Result "1-0"]
[WhiteElo "2125"]
[BlackElo "1971"]
[WhiteFideId "1473239"]
[BlackFideId "1424718"]
[EventDate "2026.03.28"]
[EventType "swiss"]
[EventRounds "5"]
[EventCountry "DEN"]
[SourceTitle "Live v. Kasper Jerwiarz"]

1. e4 c6 2. d4 d5 3. exd5 cxd5 4. Bd3 Nc6 5. c3 Nf6 6. h3 e5 7. dxe5 Nxe5 8. Nf3 Nxd3+ 9. Qxd3 Be7 10. O-O O-O 11. Be3 Be6 12. Nbd2 a5 13. Rfe1 h6 14. Nd4 Qc8 15. Nxe6 fxe6 16. Bd4 Ra6 17. Qb5 Qc6 18. a4 Nd7 19. Nb3 Qc7 20. Re2 Bf6 21. Rae1 Re8 22. Nc5 Bxd4 23. cxd4 Rc6 24. Nxe6 Qb6 25. Qxd5 Nf6 26. Qf5 Qb4 27. d5 Rc4 28. Qg6 Re7 29. Nxg7 Qxe1+ 30. Rxe1 Rxe1+ 31. Kh2 Nxd5 32. Ne6+ Kh8 33. Qg7# 1-0

[Event "DM 2026 Kort Paaske 1A"]
[Site "Svendborg"]
[Date "2026.03.30"]
[Round "5.6"]
[White "Veise, Svend"]
[Black "Nielsen, Henning"]
[Result "1-0"]
[WhiteElo "1917"]
[BlackElo "2051"]
[WhiteFideId "1413490"]
[BlackFideId "1402854"]
[EventDate "2026.03.28"]
[EventType "swiss"]
[EventRounds "5"]
[EventCountry "DEN"]
[SourceTitle "Live v. Kasper Jerwiarz"]

1. d4 Nf6 2. c3 d5 3. Bf4 e6 4. e3 Bd6 5. Bg3 Nc6 6. Nd2 e5 7. dxe5 Nxe5 8. Ngf3 Bg4 9. Be2 Bxf3 10. Nxf3 Qe7 11. Nxe5 Bxe5 12. Bxe5 Qxe5 13. O-O O-O 14. Bf3 c6 15. Qd4 Qc7 16. Rfe1 Rfe8 17. g3 a6 18. Re2 Rad8 19. Rd1 h6 20. Qa4 b5 21. Qc2 Re7 22. e4 dxe4 23. Rxd8+ Qxd8 24. Bxe4 Nxe4 25. Rxe4 Rd7 26. Qe2 Rd1+ 27. Kg2 Kf8 28. Re8+ Qxe8 29. Qxd1 Qe4+ 30. Kg1 Qd5 31. Qg4 f5 32. Qb4+ c5 33. Qf4 Kg8 34. Qe3 Kf7 35. a3 c4 36. Qa7+ Kg8 37. Qxa6 Kh7 38. Qb6 h5 39. h3 Qd1+ 40. Kg2 Qd5+ 41. Kg1 Qd1+ 42. Kg2 Qb3 43. Qc5 Qxb2 44. Qxf5+ Kh6 45. g4 g6 46. g5+ Kg7 47. Qf6+ Kh7 48. Qf7+ Kh8 49. Qf8+ Kh7 50. Qh6+ Kg8 51. Qxg6+ Kf8 52. Qxh5 Qxc3 53. Qf3+ 1-0

[Event "DM 2026 Kort Paaske 1A"]
[Site "Svendborg"]
[Date "2026.03.30"]
[Round "5.8"]
[White "Paludan, Noah"]
[Black "Bjerg, Ludvig"]
[Result "1/2-1/2"]
[WhiteElo "1987"]
[BlackElo "1958"]
[WhiteFideId "1474987"]
[BlackFideId "1477676"]
[EventDate "2026.03.28"]
[EventType "swiss"]
[EventRounds "5"]
[EventCountry "DEN"]
[SourceTitle "Live v. Kasper Jerwiarz"]

1. e4 a6 2. d4 e6 3. Nf3 d5 4. e5 c5 5. c3 Nc6 6. Bd3 Nge7 7. O-O Nf5 8. Bxf5 exf5 9. Re1 Be6 10. Ng5 Be7 11. Nxe6 fxe6 12. dxc5 Bxc5 13. Qh5+ g6 14. Qh6 Bf8 15. Qf4 Bg7 16. Nd2 g5 17. Qg3 O-O 18. Nf3 h6 19. h4 g4 20. Nd2 d4 21. Nb3 dxc3 22. bxc3 Qc7 23. Bf4 Rad8 24. Qe3 Kh7 25. Nc5 Qc8 26. Red1 b6 27. Na4 b5 28. Nc5 Ne7 29. Nb3 Nd5 30. Rxd5 Rxd5 31. Nd4 Rc5 32. Rc1 b4 33. Nxe6 Rxc3 34. Rxc3 bxc3 35. Nxf8+ Bxf8 36. Qc1 Qc4 37. g3 c2 38. Qb2 Qe4 39. Qc3 Kg6 40. Qc8 Bg7 41. Qe6+ Kh7 1/2-1/2